Loading...
| Current Events | 1 | 20.00 | 100% | 100% | 0% |
| Fine Arts - Auditory Fine Arts | 6 | 13.33 | 83% | 50% | 0% |
| Fine Arts - Other Fine Arts | 5 | 22.00 | 100% | 100% | 20% |
| Fine Arts - Visual Fine Arts | 4 | 17.50 | 100% | 75% | 0% |
| History - American History | 7 | 17.14 | 100% | 71% | 0% |
| History - European History | 6 | 15.00 | 100% | 33% | 17% |
| History - Other History | 5 | 16.00 | 100% | 60% | 0% |
| History - World History | 3 | 16.67 | 100% | 67% | 0% |
| Literature - American Literature | 6 | 20.00 | 100% | 83% | 17% |
| Literature - British Literature | 5 | 22.00 | 100% | 80% | 40% |
| Literature - European Literature | 7 | 17.14 | 86% | 71% | 14% |
| Literature - World Literature | 5 | 22.00 | 100% | 80% | 40% |
| Mythology | 6 | 21.67 | 100% | 83% | 33% |
| Other Academic | 1 | 30.00 | 100% | 100% | 100% |
| Philosophy | 3 | 13.33 | 100% | 33% | 0% |
| Pop Culture | 3 | 23.33 | 100% | 100% | 33% |
| Popular Culture | 1 | 10.00 | 100% | 0% | 0% |
| Religion | 5 | 20.00 | 100% | 80% | 20% |
| Science - Biology | 6 | 16.67 | 83% | 67% | 17% |
| Science - Chemistry | 6 | 15.00 | 100% | 33% | 17% |
| Science - Other Science | 4 | 17.50 | 100% | 50% | 25% |
| Science - Physics | 5 | 12.00 | 80% | 20% | 20% |
| Social Science | 4 | 20.00 | 100% | 75% | 25% |